Mariánsky stĺp v Spišskom Podhradí čaká rekonštrukcia

Bibliographic Details
Main Author: (šim) (Author)
Format: Article
Language:Slovak
ISSN:1335-759X
Subjects:

MARC

LEADER 00000nab a2200000 a 4500
001 vtls001020820
003 SK-MaSNL
005 20260305040815.0
008 040720e20031022xo 0 slo
035 |a SN6721 
040 |a SNSK  |b slo  |c SNSK  |e AACR2 
041 0 |a slo 
044 |a xo  |c SK 
080 |a 719  |2 1981 
080 |a 7.025.4  |2 1981 
080 |a 069.444  |2 2001 
100 0 |a (šim)  |4 aut  |9 838485 
245 1 0 |a Mariánsky stĺp v Spišskom Podhradí čaká rekonštrukcia 
650 0 7 |a ochrana pamiatok  |2 SNSK  |9 29625 
650 0 7 |a Mariánsky stĺp (Spišské Podhradie, Slovensko)  |2 SNSK  |9 81516 
650 0 7 |a rekonštrukcie  |2 SNSK  |9 24616 
651 7 |a Spišské Podhradie (Slovensko)  |2 SNSK  |9 26697 
651 7 |a Levoča (Slovensko)  |2 snsk  |9 26696 
651 7 |a Levoča (Slovensko : okres)  |2 snsk  |9 30131 
773 0 8 |t Spišský denník  |g Roč. 5, č.243, 22.10.2003, s. 1  |x 1335-759X 
852 |a ZVYKNI  |b KIS3GCP 
999 |c 3340439  |d 3342369